000 00719nam a22002177a 4500
003 UA-OsUOA
001 99066
007 ta
008 20130423b un ||||| |||| 00| 0 ukr d
100 _aБабійчук Т.
090 _a82
_bБ12
942 _cSA
040 _aUA-OsUOA
_bukr
_cUA-OsUOA
_dUA-OsUOA
245 _aЛітературна вітальня з героями драматичних творів Лесі Українки
300 _aС.32-37
955 _a0
041 _aukr
080 _a82
773 0 _w99065
_tУкраїнська література в загальноосвітній школі
_dК.
_d2013
_g4
650 7 _a82 Література. Літературознавство
_2UDC
999 _c385544
_d385544